| 000 | 00744cam a2200253 04500 | ||
|---|---|---|---|
| 001 | 46277 | ||
| 010 | _a9721036285 | ||
| 021 | _b63595/93 | ||
| 090 | _a46277 | ||
| 100 | _a19931028d1993 m y0pory5003 ba | ||
| 101 | 1 | _apor | |
| 102 | _aPT | ||
| 200 | 1 |
_aJúlio César _fJérôme Carcopino _gtrad. Ana Rabaça |
|
| 210 | 9 |
_aMem Martins _cPublicações Europa-América, _dD.L. 1993 |
|
| 215 |
_a577 p., [2] f. il. _cil. _d22 cm |
||
| 225 | 2 |
_aBiografias _v3 |
|
| 304 | _aTít. orig. : Jules César | ||
| 600 | 1 |
_aCésar, _bJúlio, _f100-44 a.C. |
|
| 675 |
_a929César, Júlio _vBN _zpor |
||
| 675 |
_a32César, Júlio _vBN _zpor |
||
| 700 | 1 |
_aCarcopino, _bJérôme, _f1881-1970 |
|
| 702 | 1 |
_aRaba—ca, _bAna Maria _4730 |
|
| 801 | 0 |
_aPT _bBN _gRPC |
|
| 990 | _cLIVROS | ||